00720nam a2200157 i 4500001000700000003000900007005001700016008004100033100003000074245015600104260008100260300002100341650003800362710002500400852013700425166559ES-MaACL20230906213345.0050915s1880 sp |||| | spa d1 aTort y Martorell, Javier.13aLa reforma de Barcelona b: discurso pronunciado en el Ateneo Barcelonés, en la sesión del dia 26 de enero de 1880 / cpor Javier Tort y Martorell. aBarcelona : b[s.n.], c1880 (fImp. de los Sucesores de N. Ramírez y Cª) a68 p. ; c24 cm. 4aUrbanismo-zBarcelona-vHistoria.2 aAteneu Barcelonès. aES-MaACLjT-1269-F-5 z- Enc. hol., conservando cub. original z. - Ded. del autor a Laureano Figuerola z- Enc. en un vol. facticio